Hiszpańskie czasowniki - Statystyki

Ogólne statystyki
  • Ten quiz został rozwiązany 29 razy
    17 od ostatniego zresetowania
  • Średni wynik to 20 z 25
Statystyki odpowiedzi
Hint Odpowiedź % Poprawnych
Pić Beber
100%
Śpiewać Cantar
100%
Jeść Comer
100%
Spać Dormir
100%
Cocinar Gotować
100%
Robić Hacer
100%
Escribir Pisać
100%
Preguntar Pytać
100%
Otwierać Abrir
88%
Dar Dawać
88%
Grać Jugar
88%
Comprar Kupować
88%
Nazywać się Llamarse
88%
Necesitar Potrzebować
88%
Cerrar Zamykać
88%
Conocer Znać
88%
Uczyć się Estudiar
75%
Woleć Preferir
75%
Saber Wiedzieć
75%
Przygotowywać Preparar
63%
Creer Wierzyć
50%
Brać ślub Casarse
38%
Limpiar Czyścić
38%
Deber Musieć
38%
Ser Być (ogólnie)
13%
Nie znaleziono quizów pasujących do podanych kryteriów
Rozkład punktacji
Procent ludzi z każdym wynikiem
Percentyl według liczby udzielonych odpowiedzi
Twoja historia wyników
Nie rozwiązałeś tego quizu od ostatniego zresetowania